000 00701cab a2200229 4500
001 ABS48678
008 090401t1993 xxu||||| |||| 00| 0 eng d
035 _a(Sirsi) u68005
041 _aeng
100 _aRowbottom, M.
245 _aOvacik gold project in western Turkey
260 _c1993
350 _a0
490 _aCS Monthly : Minerals bulletin
_v2(9) June 1993, 5-6(2)
520 _aDiscovery of an economic gold bearing epithermal vein deposit has meant that Turkey is in the process of implementing its first commercial gold operation.
650 _aGEOLOGY
650 _aGOLD MINING
650 _aTURKEY
690 _aMINING AND MINERALS
942 _n0
948 _c04/03/1997
999 _c42626
_d42626